Los 200 mejores actores de Hollywood - Estadísticas

Estadísticas generales
  • Esta prueba ha sido intentada 2.638 veces
    2.474 desde el último reinicio
  • La puntuación promedio es 45 de 200
Estadísticas de respuestas
Hint Respuesta % Correcto
57 Leonardo DiCaprio
86%
51 Brad Pitt
85%
30 Al Pacino
64%
31 Robert De Niro
64%
12 James Dean
61%
58 Tom Hanks
60%
50 Tom Cruise
58%
56 Will Smith
56%
6 Marlon Brando
55%
64 Morgan Freeman
51%
74 Denzel Washington
48%
1 Jack Nicholson
48%
55 George Clooney
46%
62 Harrison Ford
45%
34 Chris Evans
44%
53 Clint Eastwood
44%
111 Matt Damon
44%
78 Samuel L. Jackson
43%
71 Antonio Banderas
42%
72 Robert Downey Jr
42%
81 Anthony Hopkins
41%
108 Ed Harris
41%
54 Johnny Deep
41%
24 Ryan Reynolds
39%
9 Cary Grant
38%
86 John Travolta
38%
66 Paul Newman
38%
29 Sylvester Stallone
38%
42 Bruce Willis
37%
21 Rex Harrison
37%
63 Robert Redford
37%
11 Robin Williams
37%
59 Christian Bale
36%
140 Dwayne Johnson
36%
36 Hugh Jackman
36%
46 Michael Douglas
36%
23 Ryan Gosling
36%
94 Daniel Day Lewis
35%
4 Dustin Hoffman
35%
155 Javier Bardem
35%
45 Kirk Douglas
35%
96 Bradley Cooper
34%
131 Hugh Grant
34%
65 Joaquin Phoenix
34%
3 Charlie Chaplin
33%
8 Gary Cooper
33%
130 Jim Carrey
33%
47 Nicolas Cage
33%
10 Humphrey Bogart
32%
67 John Wayne
32%
68 Sean Connery
32%
84 Mark Ruffalo
31%
37 Russell Crowe
31%
104 Sean Penn
31%
87 James Stewart
29%
103 Phillip Seymour Hoffman
29%
141 Vin Diesel
29%
76 Clark Gable
28%
112 Edward Norton
28%
5 Henry Fonda
28%
32 Mel Gibson
28%
27 Richard Gere
28%
157 Chris Hemsworth
27%
33 Kevin Costner
27%
13 Burt Lancaster
26%
109 Kevin Spacey
26%
174 Liam Neeson
26%
70 Michael Caine
26%
25 Daniel Craig
25%
39 Timothee Chalamet
25%
35 Zac Efron
25%
88 Charlton Heston
24%
114 Gene Hackman
24%
77 Gregory Peck
24%
60 Heath Ledger
24%
82 Jamie Foxx
24%
137 Peter Fonda
24%
26 Pierce Brosnan
24%
100 Colin Firth
23%
95 Gary Oldman
23%
48 Jared Leto
23%
199 Ewan MacGregor
22%
20 Frank Sinatra
22%
136 Ian McKellen
22%
91 Jack Lemmon
22%
85 Jason Momoa
22%
119 Laurence Olivier
22%
14 Rock Hudson
22%
83 Andrew Garfield
21%
49 Channing Tatum
21%
129 Eddie Murphy
21%
75 Jude Law
21%
28 Patrick Swayze
21%
22 Steve Carrell
21%
90 Tony Curtis
21%
93 Willem Dafoe
21%
154 Benicio Del Toro
20%
158 Danny DeVito
20%
16 Mario Moreno Cantinflas
20%
121 Sidney Poitier
20%
124 Spencer Tracy
20%
44 Anthony Quinn
19%
105 Ben Kingsley
19%
133 Michael Keaton
19%
92 Rami Malek
19%
127 Steve Martin
19%
79 Steve McQueen
19%
134 Viggo Mortensen
19%
180 Burt Reynolds
18%
156 Casey Affleck
18%
143 Errol Flyn
18%
2 John Huston
18%
106 Bill Murray
17%
97 Eddie Redmayne
17%
196 Fred Astaire
17%
115 Gerard Depardieu
17%
73 Matthew McConaughey
17%
89 Peter Otole
17%
41 Alan Alda
16%
98 Benedict Cumberbatch
16%
19 Christopher Plummer
16%
198 Colin Farrell
16%
18 Dick Van Dyke
16%
52 Geoffrey Rush
16%
167 James Franco
16%
175 Jeremy Irons
16%
149 Joe Pesci
16%
128 Kevin Kline
16%
38 Mahershala Ali
16%
146 Orson Welles
16%
200 Owen Wilson
16%
170 Adrien Brody
15%
40 Alan Arkin
15%
15 David Nivien
15%
61 Jake Gyllenhaal
15%
99 Jeff Bridges
15%
172 Ralph Fiennes
15%
178 Richard Burton
15%
159 Tommy Lee Jones
15%
7 Walter Brennan
15%
116 Jon Voight
14%
69 William Hurt
14%
197 Dev Patel
13%
182 Ethan Hawke
13%
101 Forest Whitaker
13%
185 Kurt Russell
13%
110 Robert Duvall
13%
160 Val Kilmer
13%
164 Michael Fassbender
12%
17 Cliff Robertson
11%
142 Idris Elba
11%
169 Jeremy Renner
11%
125 Montgomery Clift
11%
122 Alec Guinnes
10%
188 Clive Owen
10%
120 George C. Scott
10%
184 Josh Brolin
10%
145 Mickey Rooney
10%
138 Richard Dreyfuss
10%
144 William Holden
10%
190 Alec Baldwin
9%
123 Maximilian Schell
9%
171 Nick Nolte
9%
102 Richard Jenkins
9%
181 Adam Driver
8%
168 Alfred Molina
8%
139 Bryan Cranston
8%
193 John Malkovich
8%
113 Warren Beaty
8%
117 Albert Finney
7%
43 Arnold Swarzeneger
7%
126 Bing Crosby
7%
195 Christopher Walken
7%
161 Christoph Waltz
7%
153 Eugene Levy
7%
179 James Earl Jones
7%
183 Jonah Hill
7%
80 Jonathan Pryce
7%
151 Stanley Tucci
7%
135 Taron Egerton
7%
148 Cuba Gooding Jr
6%
152 Dennis Quaid
6%
150 Jack Palance
6%
132 Joseph Gordon Levitt
6%
118 Peter Finch
6%
173 Woody Harrelson
6%
194 Don Ameche
5%
147 Ernest Borgnine
5%
192 Martin Landau
5%
165 Don Cheadle
4%
191 William H. Macy
4%
162 Daniel Kaluuya
3%
163 David Oyelowo
3%
107 Djimon Hounsou
3%
176 Kenneth Branagh
3%
186 Michael Shannon
3%
187 Paul Giamatti
3%
166 Jesse Eisenberg
2%
189 Jim Broadbent
2%
177 Max Von Sydow
2%
No se encontraron pruebas coincidentes
Distribución de puntuación
Porcentaje de gente con cada puntuación
Porcentaje por número respondido
Historial de tus puntuaciones
No has intentado esta prueba desde el último reinicio